Statistics for Clone Troopers by Last Words

Click here to take the quiz!

General Stats

  • This quiz has been taken 7 times
  • The average score is 11 of 14

Answer Stats

HintAnswer% Correct
"For the Republic!"Commander Thorn
100%
"We thought they were wearing our armor, but it was... you."Waxer
100%
"I'm a soldier, like you. This is what I was bred for."99
83%
"I'm not finished yet, sir. We can do this, General!"Captain Keeli
83%
"I'm sorry, Commander."Captain Vaughn
83%
"Get him!"Commander Trauma
83%
"Live to fight another day boys. Live to fight another day."Hardcase
83%
"I. Don't"Hevy
83%
"If that creature is as powerful as they say, what good are these rifles gonna be?"Kosmos
83%
"Nothing sir! Just trying to... keep it together!"Matchstick
83%
"Get a message to the fleet! We have to warn-"O'Niner
67%
"He took Jesse alive!"Sterling
67%
“Overload! Overload!”Axe
50%
"This is no place for you."Commander Havoc
50%

Score Distribution

Percentile by Number Answered

Percent of People with Each Score

Your Score History

You have not taken this quiz